Internal combustion engines (Record no. 24482)

000 -LEADER
fixed length control field 00576nam a22002051 4500
001 - CONTROL NUMBER
control field 24482
003 - CONTROL NUMBER IDENTIFIER
control field BD-DhUET
008 - FIXED-LENGTH DATA ELEMENTS--GENERAL INFORMATION
fixed length control field 681231s1968 paua b 001 0 eng
040 ## - CATALOGING SOURCE
Original cataloging agency DLC
Transcribing agency DLC
Modifying agency BD-DhUET
082 00 - DEWEY DECIMAL CLASSIFICATION NUMBER
Classification number 621.43
Item number OBE/1968
100 ## - MAIN ENTRY--PERSONAL NAME
Personal name Obert, Edward F.
245 10 - TITLE STATEMENT
Title Internal combustion engines
250 ## - EDITION STATEMENT
Edition statement 3rd ed.
260 ## - PUBLICATION, DISTRIBUTION, ETC. (IMPRINT)
Place of publication, distribution, etc. Scranton
Name of publisher, distributor, etc. International Textbook
Date of publication, distribution, etc. 1968
300 ## - PHYSICAL DESCRIPTION
Extent xiii, 736p.
Other physical details illus
490 0# - SERIES STATEMENT
Series statement International textbooks in mechanical engineering
504 ## - BIBLIOGRAPHY, ETC. NOTE
Bibliography, etc Includes bibliographies
650 #0 - SUBJECT ADDED ENTRY--TOPICAL TERM
Topical term or geographic name as entry element Internal combustion engines
942 ## - ADDED ENTRY ELEMENTS (KOHA)
Koha item type General Book
Holdings
Price effective from Lost status Copy number Shelving location Location (home branch) Koha date last seen Koha date last borrowed Piece designation (barcode) Date acquired Koha item type Source of classification or shelving scheme Koha normalized classification for sorting Sublocation or collection (holding branch) Koha issues (times borrowed) Withdrawn status Koha full call number Not for loan Damaged status
2015-05-09 1Circulation sectionCentral Library, BUET2019-11-182019-09-28190632015-05-09General Book 621_430000000000000_OBE_1968Central Library, BUET2 621.43/OBE/1968  
2015-06-16 2Reading sectionCentral Library, BUET2015-06-16 320072015-06-16General Book 621_430000000000000_OBE_1968Central Library, BUET  621.43/OBE/1968  
2015-06-16 3Reading sectionCentral Library, BUET2015-06-16 404372015-06-16Reading Item 621_430000000000000_OBE_1968Central Library, BUET  621.43/OBE/1968  
2015-06-23 4Reading sectionCentral Library, BUET2015-06-23 190602015-06-23Reading Item 621_430000000000000_OBE_1968Central Library, BUET  621.43/OBE/1968  
2015-07-03 5Reading sectionCentral Library, BUET2015-07-03 321172015-07-03Reading Item 621_430000000000000_OBE_1968Central Library, BUET  621.43/OBE/1968